000 00780nab a2200181 4500
999 _c372122
_d372122
001 46083
003 OSt
005 20230113141615.0
007 tu
008 110905s1974|||||||
040 _aDE-2950
_cDE-2950
245 0 0 _a"Was sollen mir da noch die Itzenplitze". Ein Briefwechsel mit neuen Einblicken in Fontanes Kreuzzeitungsjahrzehnt und seine "Wanderungen durch die Mark Brandenburg" /
_cHubertus Fischer
264 _c2021
653 _aFontane, Theodor; Schriftsteller, Journalist, Kritiker, Theaterkritiker, Kriegsberichterstatter, Apotheker, Librettist, Historiker, Romancier, Übersetzer, 1819-1898
653 _aWanderungen durch die Mark Brandenburg
773 0 _tJahrbuch für Brandenburgische Landesgeschichte
_gBd. 72, 2021, S. 107-148
_nII: 3884
942 _2z
_cA